Online
Catalog

Relación de los bienes e inversiones de Rafael Leonidas Trujillo Molina, esposa e hijos al día 5 de julio de 1961 / (Record no. 6682)

MARC details
000 -CABECERA
campo de control de longitud fija 01208nam a2200325 i 4500
001 - NÚMERO DE CONTROL
campo de control 000006896
003 - IDENTIFICADOR DEL NÚMERO DE CONTROL
campo de control DO-SdBNP
005 - FECHA Y HORA DE LA ÚLTIMA TRANSACCIÓN
campo de control 20260519125101.0
007 - CAMPO FIJO DE DESCRIPCIÓN FÍSICA--INFORMACIÓN GENERAL
campo de control de longitud fija ta
008 - DATOS DE LONGITUD FIJA--INFORMACIÓN GENERAL
campo de control de longitud fija 090903s1986 dr 001 0 spa d
040 ## - FUENTE DE LA CATALOGACIÓN
Centro catalogador/agencia de origen DO-SdBNP
Lengua de catalogación spa
Centro/agencia transcriptor BNPHU
Normas de descripción rda
041 ## - CÓDIGO DE LENGUA
Código de lengua del texto/banda sonora o título independiente spa
082 #4 - NÚMERO DE LA CLASIFICACIÓN DECIMAL DEWEY
Número de clasificación 972.93053
Número de documento/Ítem R621r 1986
Número de edición 22
100 1# - ENTRADA PRINCIPAL--NOMBRE DE PERSONA
Nombre de persona Rivera, Tirso,
Fechas asociadas al nombre autor
Código de función/relación aut.
9 (RLIN) 19129
245 10 - MENCIÓN DE TÍTULO
Título Relación de los bienes e inversiones de Rafael Leonidas Trujillo Molina, esposa e hijos al día 5 de julio de 1961 /
Mención de responsabilidad, etc. Tirso Rivera.
250 ## - MENCIÓN DE EDICIÓN
Mención de edición segunda edición
264 #4 - PRODUCCIÓN, PUBLICACIÓN, DISTRIBUCIÓN, FABRICACIÓN Y COPYRIGHT
Producción, publicación, distribución, fabricación y copyright Santo Domingo :
Nombre del de productor, editor, distribuidor, fabricante Ediciones de Taller
Fecha de producción, publicación, distribución, fabricación o copyright ©1986.
300 ## - DESCRIPCIÓN FÍSICA
Extensión 101 páginas ;
Dimensiones 23 cm.
336 ## - TIPO DE CONTENIDO
Fuente texto
Término de tipo de contenido txt
Código de tipo de contenido rdacontent
337 ## - TIPO DE MEDIO
Fuente sin mediación
Nombre/término del tipo de medio n
Código del tipo de medio rdamedia
338 ## - TIPO DE SOPORTE
Número de control del registro de autoridad o número normalizado volumen
Fuente nc
Nombre/término del tipo de soporte rdacarrier
490 0# - MENCIÓN DE SERIE
Mención de serie Biblioteca Taller ;
Designación de volumen o secuencia 63
500 ## - NOTA GENERAL
Nota general Incluye índice
500 ## - NOTA GENERAL
Nota general Realizada por el señor Tirso Revera encargado de su oficina particular
590 ## - NOTA LOCAL (RLIN)
Nota local Inventariado, 2023/MFF
600 14 - PUNTO DE ACCESO ADICIONAL DE MATERIA--NOMBRE DE PERSONA
Nombre de persona Trujillo Molina, Rafael Leónidas,
Fechas asociadas al nombre 1891-1961
Subdivisión general Finanzas personales
9 (RLIN) 83176
740 0# - PUNTO DE ACCESO ADICIONAL--TÍTULO RELACIONADO O ANALÍTICO NO CONTROLADO
Título relacionado o analítico no controlado Bienes e inversiones de Rafael L. Trujillo Molina, e Esposa e hijos.
910 ## - DATOS DE OPCIÓN DEL USUARIO (OCLC)
Datos de opción del usuario Validado. Control de calidad MFF
942 ## - ELEMENTOS DE PUNTO DE ACCESO ADICIONAL (KOHA)
Fuente del sistema de clasificación o colocación Dewey Decimal Classification
Tipo de ítem Koha Libro
Holdings
Estado de retiro Estado de pérdida Fuente del sistema de clasificación o colocación Restricciones de uso No para préstamo Código de colección Localización permanente Ubicación/localización actual Ubicación en estantería Fecha de adquisición Signatura topográfica completa Código de barras Fecha visto por última vez Número de copia Precio válido a partir de Tipo de ítem Koha Fuente de adquisición Total de préstamos Nota pública
    Dewey Decimal Classification Préstamo en sala   Dominicana de Servicio Biblioteca Nacional Pedro Henríquez Ureña Biblioteca Nacional Pedro Henríquez Ureña Depósito 25.09.2013 BNPHU DS 972.93053 R623r 1986 6896-30 25.06.2020 e.3 25.06.2020 Libro      
    Dewey Decimal Classification Excluido de préstamo   Patrimonio Dominicano Biblioteca Nacional Pedro Henríquez Ureña Biblioteca Nacional Pedro Henríquez Ureña Depósito 03.09.2009 BNPHU PD 972.93053 R621r 1986 6896-10 25.06.2020   25.06.2020 Libro Donación    
    Dewey Decimal Classification Excluido de préstamo   Patrimonio Dominicano Biblioteca Nacional Pedro Henríquez Ureña Biblioteca Nacional Pedro Henríquez Ureña Depósito 03.09.2009 BNPHU PD 972.93053 R621r 1986 6896-20 25.06.2020 e.2 25.06.2020 Libro Donado por FUNDI    
    Dewey Decimal Classification Préstamo en sala   Dominicana de Servicio Biblioteca Nacional Pedro Henríquez Ureña Biblioteca Nacional Pedro Henríquez Ureña Depósito 24.10.2024 BNPHU DS 972.93053 R621r 1986 2024-6098 24.10.2024 e.4 24.10.2024 Libro Donado por la Presidencia de la República Dominicana 2023.   Pertenecio a la biblioteca personal de Emilio Cordero Michel.

Powered by Koha